Villes de France en O (difficile) - Statistiques

Statistiques générales
  • Ce quiz a été pris 55 fois
  • Le résultat moyen est 6 sur 20
Statistiques - réponses
Hint Réponse % Correct
La cité des Princes, dans le Vaucluse Orange
92%
Un gave du Béarn porte son nom Oloron-Sainte-Marie
50%
Banlieue de Nantes Orvault
44%
Ville à terminaux Orly
38%
La mer, quand on vient de Caen. Ouistreham
38%
Petite infection à la base des cils, et petite cité de caractère du Jura Orgelet
36%
Cité du plastique Oyonnax
36%
Ce tableau peut d'ailleurs s'admirer dans l'ancienne gare qui portait le nom de cette ville. Orsay
34%
Ville de banlieue lyonnaise, issue de la fusion de deux communes Oullins-Pierre-Bénite
32%
Dans le même département, banlieue de la préfecture. Traduit en français « la forêt de l'Est » Ostwald
30%
Autre cité du Béarn, dont elle est l'ancienne capitale. Orthez
26%
Style de prière pratiqué assidument par les religieux, et petite cité des Alpes provençales Oraison
24%
Ville de la choucroute, qui abrite le couvent de la grande sainte alsacienne, dont le nom commence aussi en O Obernai
22%
Coupez en deux l'ancien nom d'un grand port du Cotentin et vous trouvez cette autre commune côtière de Normandie, proche d'un autre grand port de l'autre côté du duché. Octeville-sur-Mer
22%
Gustave Courbet est né dans cette cité du Doubs, et y a peint un célèbre Enterrement. Ornans
22%
Sur la Seine, à l'entrée de l'agglomération rouennaise Oissel
20%
Coincée entre Toulon et Sanary. Ollioules
18%
Troisième ville de l'Aveyron en population, à côté de la première. Onet-le-Château
18%
Banlieue de la plus grande ville de France commençant par la même lettre Olivet
16%
La course du Paris-Roubaix passe dans cette cité qui fut quasiment détruite par la grande guerre. Orchies
10%
Aucun quiz correspondant
Distribution des résultats
% des personnes avec chaque résultat
Percentile par nombre de réponses
Votre historique - résultats
Vous n’avez pas pris ce quiz